000 00443nam a22001697a 4500
005 20251108165917.0
008 250721s1990 xx 000 0 ara d
082 1 4 _a811.964/كسو
100 1 _aالكسواني، موسى
245 1 0 _aيمام القلب /
264 1 _aعمان :
_bدار الكرمل،
_c1990.
300 _a96ص.
650 1 7 _aشعر الحماسة
650 1 7 _aفلسطين
942 _2ddc
_cBK
999 _c34575
_d34575